000 00563nam a2200193Ii 4500
003 JO-AjNU
008 230605s9999||||xx |||||||||||||| ||und||
040 _aJO-AjNU
_bara
_erda
_cJO-AjNU
041 _aara
050 1 4 _aSB406.Q2788 1981
100 3 _aالقصري ، مصطفى,
_eauthor
_910280
245 0 0 _aكتاب الورد
264 3 1 _aتونس:الدار التونيسية ، 19981
300 _a385ص
336 _atext
_btxt
_2rdacontent
337 _aunmediated
_bn
_2rdamedia
338 _avolume
_bnc
_2rdacarrier
650 4 _aالورود
_910281
999 _aA1726
_c5294
_d5294